| 000 | 00664nas a2200241 4500 | ||
|---|---|---|---|
| 001 | BR7801612 | ||
| 003 | BR-BrBNA | ||
| 005 | 20231205083401.0 | ||
| 007 | ta | ||
| 008 | 230509b bl.|||p| |||| 00| 00por d | ||
| 040 |
_aBR-BrBNA _bpor _cBiblioteca Nacional de Agricultura |
||
| 041 | _a(Pt) | ||
| 072 | _aL72 | ||
| 100 | 1 | _aSathler, I. | |
| 245 | 1 | _aBezerros: quando aplicar vermifugo [Defesa animal] | |
| 650 | _aBEZERRO | ||
| 650 | _aDEFESA ANIMAL | ||
| 650 | _aVERMINOSE | ||
| 650 | _aVERMIFUGO | ||
| 773 | 0 |
_tLavoura (Brazil) _xISSN 0023-9135 _g(Mar 1978), v. 81 p. 32-33 _wBR7801612 |
|
| 909 |
_a202311 _bLúcia _c55 _dLúcia Elande |
||
| 942 |
_2AGRIS _n0 _cANA |
||
| 999 |
_c98370 _d98370 |
||